Responses for Show #7861 - Monday, November 12, 2018

2018 Teen Tournament quarterfinal game 4.

Contestants

[<< previous game]

Rhea Sinha, a senior from Chatham, New Jersey

Jack Izzo, a senior from San Diego, California

Tim Cho, a senior from Champaign, Illinois

[next game >>]

Jeopardy! Round responses

SCHOOL UNIFORMS
U.S. CITIES
MOVIE ADJECTIVES
MUSIC CLASS
JUST MY LUCK!
IN THE SPANISH DICTIONARY
    $200 28
a blazer

Jack
    $200 24
Nashville

Tim
    $200 9
enchanted

Rhea
    $200 30
(Tim: What is bass?)
(Rhea: What is baritone?)
(Jack: What is alto?)

tenor

TimJackRhea
Triple Stumper
    $200 29
(Tim: What's a cross?)
(Rhea: What's a rabbit's foot?)

a horseshoe

TimRhea
Triple Stumper
    $200 12
escuela

Rhea
    $400 27
plaid

Rhea
    $400 21
Seattle

Jack
    $400 6
new

Rhea
    $400 10
upright pianos

Triple Stumper
    $400 13
a clover

Jack
    $400 11
a dishwasher

Rhea
    $600 22
a top hat

Tim
    $600 15
(Jack: What is Kansas City?)
(Alex: More specific.)
(Jack: Kansas?)

Kansas City, Kansas

Jack
    $600 5
infinite

Rhea
    $600 14
a trumpet

Jack
    $600 4
a beard

Jack
    $600 3
(Jack: What's a castle?)
(Alex: Be more specific.)
(Jack: [*]?)

a sandcastle

Jack
    $800 16
Lands' End

Jack
    $1,800 20
(Tim: What is Providence?)

Montpelier

Tim
    $800 7
spectacular

Triple Stumper
    $800 25
presto

Tim
    $800 17
umbrellas

Rhea
    $800 1
amarillo

Tim
    $1000 23
Maryland

Tim
    $1000 19
Phoenix

Tim
    $1000 8
warm

Rhea
    $1000 26
a sonata

Jack
    $1000 18
knock on wood

Jack
    $1000 2
zapato

Rhea

Scores at the first commercial break (after clue 15):

Tim Jack Rhea
$800 $2,800 $3,800

Scores at the end of the Jeopardy! Round:

Tim Jack Rhea
$2,200 $6,000 $4,600

Double Jeopardy! Round responses

ASSIGNED LOCKERS
HODGEPODGE
CLASSIC LITERATURE
THEME PARKS
ECOLOGY
IN THE ENGLISH DICTIONARY
    $400 28
Elizabeth I

Tim
    $400 30
a space shutle

Jack
    $400 24
The Scarlet Letter

Jack
    $400 26
Coney Island

Tim
    $400 27
reduce and reuse

Jack
    $400 23
Eeyore

Rhea
    $800 11
Billy the Kid

Jack
    $800 14
Sessions

Tim
    $2,200 1
Tom Sawyer and Huckleberry Finn

Tim
    $800 5
Minnesota

Tim
    $800 25
a bear

Rhea
    $800 20
binge

Tim
    $1200 10
the Maccabees

Tim
    $1200 6
batter

Rhea
    $1200 2
Great Expectations

Jack
    $1200 4
(Jack: What is Cars?)

Toy Story

TimJack
    $1200 13
reef

Rhea
    $1200 12
(Tim: What is insomnia?)

narcolepsy

Tim
Triple Stumper
    $1600 29
Karachi

Jack
    $1600 9
the rupee

Jack
    $1600 7
(Elie) Wiesel

Tim
    $1600 17
Six Flags

Jack
    $1600 3
Pottery Barn

Rhea
    $1600 19
opus

Triple Stumper
    $2000 18
cartels

Tim
    $2000 15
Robert the Bruce

Jack
    $2000 8
Things Fall Apart

Jack
    $2000 16
Denmark

Tim
    $3,000 21
coal

Tim
    $2000 22
(Rhea: What is a plutarchy?)
(Alex: Mm...)
(Rhea: Plu--what is [*]?)

a plutocracy

Rhea

Scores at the end of the Double Jeopardy! Round:

Tim Jack Rhea
$17,400 $16,800 $11,800

Final Jeopardy! Round responses

INTERNATIONAL GROUPS
RheaWhat is Germa
$5,000
JackWhat is Russia
$1,200
TimWhat is Russia?
$16,201
Russia

Final scores:

Tim Jack Rhea
$33,601 $18,000 $6,800
Automatic semifinalist 2nd place: $5,000 if eliminated 3rd place: $5,000 if eliminated

Game dynamics:

Coryat scores:

Tim Jack Rhea
$16,800 $16,800 $11,800
18 R
(including 2 DDs),
4 W
(including 1 DD)
20 R,
2 W
15 R,
2 W

Combined Coryat: $45,400

[game clues] [game scores] [suggest correction]

Game tape date: 2018-08-28
The J! Archive is created by fans, for fans. Scraping, republication, monetization, and malicious use prohibited; this site may use cookies and collect identifying information. See terms. The Jeopardy! game show and all elements thereof, including but not limited to copyright and trademark thereto, are the property of Jeopardy Productions, Inc. and are protected under law. This website is not affiliated with, sponsored by, or operated by Jeopardy Productions, Inc. Join the discussion at JBoard.tv.